[Event "World-chT Rapid"]
[Site "Dusseldorf"]
[Date "2023.08.28"]
[Round "10"]
[White "Garbuz, Vitaliy"]
[Black "Moueden, Mohamed Amine"]
[Result "1-0"]
[WhiteElo "2154"]
[BlackElo "1953"]
[PlyCount "79"]
[EventDate "2023.08.26"]
[EventType "team-swiss (rapid)"]
[EventRounds "12"]
[EventCountry "GER"]
[SourceTitle "CBM 215 Extra"]
[Source "ChessBase"]
[SourceDate "2023.09.30"]
[SourceVersion "1"]
[SourceVersionDate "2023.09.30"]
[SourceQuality "1"]
[WhiteTeam "Wensing & Poebel"]
[BlackTeam "Africa"]
[WhiteTeamCountry "GER"]

1. e4 e5 2. Nf3 Nf6 3. Nc3 Nc6 4. d4 exd4 5. Nd5 h6 6. Bf4 d6 7. Nxd4 Nxd4 8. Qxd4 Nxd5 9. exd5 Be7 10. Bb5+ Kf8 11. 0-0-0 Bf6 12. Qa4 g5 13. Be3 Bf5 14. Bd3 b5 15. Bxb5 Rb8 16. Bxa7 Rb7 17. Bd4 Kg7 18. Bc6 Rb8 19. Bxf6+ Qxf6 20. Qd4 Rb6 21. b4 Kg6 22. Qxf6+ Kxf6 23. b5 Rbb8 24. a4 Bc8 25. c4 Bb7 26. a5 Bxc6 27. dxc6 Rhe8 28. Rhe1 Re5 29. Rxe5 Kxe5 30. Kc2 f5 31. a6 Rf8 32. Kc3 h5 33. Kb4 f4 34. f3 g4 35. Rd5+ Ke6 36. Ka5 gxf3 37. gxf3 Rg8 38. b6 cxb6+ 39. Kxb6 Rg1 40. a7 1-0

[Event "World-chT Rapid"]
[Site "Dusseldorf"]
[Date "2023.08.28"]
[Round "9"]
[White "Moueden, Mohamed Amine"]
[Black "Jakubiec, Artur"]
[Result "0-1"]
[WhiteElo "1953"]
[BlackElo "2430"]
[PlyCount "80"]
[EventDate "2023.08.26"]
[EventType "team-swiss (rapid)"]
[EventRounds "12"]
[EventCountry "GER"]
[SourceTitle "CBM 215 Extra"]
[Source "ChessBase"]
[SourceDate "2023.09.30"]
[SourceVersion "1"]
[SourceVersionDate "2023.09.30"]
[SourceQuality "1"]
[WhiteTeam "Africa"]
[BlackTeam "Krakow Columbus Energy"]
[BlackTeamCountry "POL"]

1. e4 c5 2. Nf3 Nc6 3. d4 cxd4 4. Nxd4 e5 5. Nb5 d6 6. N1c3 a6 7. Na3 Be6 8. Bc4 b5 9. Bd5 Rc8 10. Bxc6+ Rxc6 11. Nd5 Nf6 12. Bg5 Be7 13. Bxf6 Bxf6 14. c3 0-0 15. Nc2 Bg5 16. Nce3 g6 17. g4 Rc5 18. h4 Bxh4 19. Qf3 Bg5 20. Rd1 h6 21. Nb4 Qb6 22. Nbd5 Qb7 23. Nf6+ Kg7 24. Ned5 a5 25. b3 Rh8 26. Rd3 Qb8 27. Ne3 Bxf6 28. Nf5+ Bxf5 29. gxf5 Bg5 30. Qd1 Rd8 31. fxg6 fxg6 32. Rhh3 Qb7 33. Qg4 Qe7 34. Rhf3 d5 35. Kf1 Bf4 36. Rh3 dxe4 37. Rxd8 Qxd8 38. Qe6 Rd5 39. c4 Rd1+ 40. Kg2 Qg5+ 0-1

[Event "World-chT Rapid"]
[Site "Dusseldorf"]
[Date "2023.08.28"]
[Round "12"]
[White "Moueden, Mohamed Amine"]
[Black "Krause, Thomas2222"]
[Result "0-1"]
[WhiteElo "1953"]
[BlackElo "2100"]
[PlyCount "84"]
[EventDate "2023.08.26"]
[EventType "team-swiss (rapid)"]
[EventRounds "12"]
[EventCountry "GER"]
[SourceTitle "CBM 215 Extra"]
[Source "ChessBase"]
[SourceDate "2023.09.30"]
[SourceVersion "1"]
[SourceVersionDate "2023.09.30"]
[SourceQuality "1"]
[WhiteTeam "Africa"]
[BlackTeam "Blerickse Schaakvereniging"]
[BlackTeamCountry "NED"]

1. e4 g6 2. d4 Bg7 3. Nf3 d6 4. Nc3 Nf6 5. Be2 0-0 6. 0-0 c6 7. a4 Qc7 8. h3 Nbd7 9. Bf4 e5 10. Bh2 Re8 11. dxe5 Nxe5 12. Nd4 a5 13. f4 Ned7 14. Bf3 Qb6 15. Kh1 Qxb2 16. Nde2 Qb6 17. Qxd6 Qc5 18. Qd2 Qe7 19. e5 Nd5 20. Nxd5 cxd5 21. Bxd5 Nc5 22. c4 Bd7 23. Rab1 Bxa4 24. Bg1 Bc6 25. Nd4 Rec8 26. Rb6 Qd7 27. Nxc6 bxc6 28. Bxf7+ Kxf7 29. Qf2 Na4 30. Rb3 Kg8 31. Rfb1 Bf8 32. Qe2 Nc5 33. Rb6 a4 34. Qf2 a3 35. Qa2 Qa7 36. Rb7 Qa4 37. R7b4 Qa5 38. Bxc5 Qxc5 39. Rb7 Re8 40. Re1 Re7 41. Rb3 Qxc4 42. Rxa3 Qxa2 0-1

[Event "World-chT Rapid"]
[Site "Dusseldorf"]
[Date "2023.08.28"]
[Round "11"]
[White "Moueden, Mohamed Amine"]
[Black "Stegert, Jonas"]
[Result "1-0"]
[WhiteElo "1953"]
[BlackElo "1832"]
[PlyCount "89"]
[EventDate "2023.08.26"]
[EventType "team-swiss (rapid)"]
[EventRounds "12"]
[EventCountry "GER"]
[SourceTitle "CBM 215 Extra"]
[Source "ChessBase"]
[SourceDate "2023.09.30"]
[SourceVersion "1"]
[SourceVersionDate "2023.09.30"]
[SourceQuality "1"]
[WhiteTeam "Africa"]
[BlackTeam "Kiel Doppelbauer"]
[BlackTeamCountry "GER"]

1. e4 c6 2. Nf3 d5 3. Nc3 e6 4. d4 Nf6 5. Bd3 Bb4 6. e5 Nfd7 7. a3 Bxc3+ 8. bxc3 c5 9. 0-0 c4 10. Be2 0-0 11. Ne1 Qa5 12. Qd2 Nb6 13. Qe3 N8d7 14. f4 f5 15. g4 Na4 16. Bd2 Ndb6 17. gxf5 exf5 18. Kh1 Be6 19. Rg1 g6 20. Nf3 Nc8 21. Ng5 Qa6 22. Qh3 Rf7 23. Nxf7 Bxf7 24. Be1 Kg7 25. Bh4 h6 26. Qxf5 Nxc3 27. Bh5 Kf8 28. Bxg6 Qe6 29. Qxe6 Bxe6 30. f5 Bg8 31. e6 Ne2 32. Rge1 Nxd4 33. e7+ Nxe7 34. Bxe7+ Kg7 35. Rg1 Bf7 36. f6+ Kg8 37. Bh5+ Kh8 38. Bxf7 b5 39. Bxd5 Rb8 40. f7 b4 41. Rg8+ Kh7 42. Rxb8 Ne6 43. Bxe6 b3 44. f8Q h5 45. Bf5# 1-0

[Event "ALG-ch sf"]
[Site "Sidi Bel Abbes"]
[Date "2013.03.31"]
[Round "9"]
[White "Ghanou, Tarek"]
[Black "Moueden, Mohamed Amine"]
[Result "1-0"]
[WhiteElo "1757"]
[BlackElo "1992"]
[PlyCount "41"]
[EventDate "2013.03.27"]
[EventType "swiss"]
[EventRounds "9"]
[EventCountry "ALG"]
[SourceTitle "CBM 153 Extra"]
[Source "ChessBase"]
[SourceDate "2013.04.22"]
[SourceVersion "1"]
[SourceVersionDate "2013.04.22"]
[SourceQuality "1"]

1. e4 e5 2. Nf3 Nf6 3. Nc3 Nc6 4. Bc4 Nxe4 5. Nxe4 d5 6. Bxd5 Qxd5 7. Nc3 Qd8 8. d3 Bd6 9. h3 0-0 10. 0-0 Qf6 11. Ne4 Qg6 12. Nh4 Qe6 13. Ng5 Qf6 14. Qh5 h6 15. Ne4 Qe6 16. f4 f5 17. Nxd6 Qxd6 18. fxe5 Qxe5 19. Bd2 Nd4 20. c3 Ne2+ 21. Kf2 1-0

[Event "ALG-ch sf"]
[Site "Sidi Bel Abbes"]
[Date "2013.03.30"]
[Round "7"]
[White "Nacer, Mohamed Arezki"]
[Black "Moueden, Mohamed Amine"]
[Result "0-1"]
[WhiteElo "1793"]
[BlackElo "1992"]
[PlyCount "74"]
[EventDate "2013.03.27"]
[EventType "swiss"]
[EventRounds "9"]
[EventCountry "ALG"]
[SourceTitle "CBM 153 Extra"]
[Source "ChessBase"]
[SourceDate "2013.04.22"]
[SourceVersion "1"]
[SourceVersionDate "2013.04.22"]
[SourceQuality "1"]

1. e4 e5 2. Nf3 Nf6 3. Nc3 Nc6 4. Bc4 Nxe4 5. Bxf7+ Kxf7 6. Nxe4 d5 7. Nfg5+ Kg8 8. Qf3 Qe7 9. Ng3 e4 10. Qe3 h6 11. Nh3 Nb4 12. Qb3 Bxh3 13. gxh3 Qc5 14. Kd1 Re8 15. a3 Nc6 16. Qe3 d4 17. Qb3+ Kh7 18. Qf7 Re5 19. Qf4 d3 20. c3 Qd5 21. Rg1 Bc5 22. Nh1 Rf8 23. Qh4 Rh5 24. c4 Qf5 25. Qg4 Qe5 26. Qg6+ Kh8 27. Re1 Rhf5 28. Rb1 Bxf2 29. Nxf2 Rxf2 30. b4 R8f6 31. Qg4 e3 32. Bb2 Rxd2+ 33. Kc1 Rxb2 34. Rxb2 d2+ 35. Rxd2 exd2+ 36. Kxd2 Qb2+ 37. Ke3 Qf2+ 0-1

[Event "Alcudia Belleuve"]
[Site "Alcudia"]
[Date "2012.10.16"]
[Round "3.14"]
[White "Moueden, Mohamed Amine"]
[Black "Perez Prieto, German"]
[Result "1-0"]
[WhiteElo "1997"]
[BlackElo "1872"]
[PlyCount "77"]
[EventDate "2012.10.14"]
[EventType "swiss"]
[EventRounds "9"]
[EventCountry "ESP"]
[SourceTitle "EXT 2024"]
[Source "ChessBase"]
[SourceDate "2023.10.10"]
[SourceVersion "1"]
[SourceVersionDate "2023.10.10"]
[SourceQuality "1"]

1. e4 d5 2. exd5 Qxd5 3. Nc3 Qa5 4. d4 c6 5. Bd2 Bf5 6. Bc4 e6 7. Nf3 Nd7 8. Ne4 Qc7 9. Ng3 Bg4 10. h3 Bxf3 11. Qxf3 Ngf6 12. 0-0 Bd6 13. Ne4 Nxe4 14. Qxe4 Nf6 15. Qf3 h6 16. a4 0-0 17. Bxh6 Qa5 18. c3 gxh6 19. Qxf6 Qg5 20. Qf3 Rab8 21. Bd3 Qf4 22. Qxf4 Bxf4 23. g3 Bd6 24. Rfe1 Kg7 25. Re4 Kf6 26. Rae1 Rg8 27. Bc4 Rbe8 28. Ba2 Rg6 29. R1e3 Ke7 30. c4 Kd7 31. d5 e5 32. dxc6+ Kxc6 33. c5 f5 34. Bf7 Rf8 35. Bxg6 fxe4 36. cxd6 Kxd6 37. Bxe4 b6 38. Rc3 Rb8 39. Rc6+ 1-0

[Event "Alcudia Belleuve"]
[Site "Alcudia"]
[Date "2012.10.15"]
[Round "2.23"]
[White "Moueden, Mohamed Amine"]
[Black "Abrines Sampol, Lorenzo"]
[Result "1-0"]
[WhiteElo "1997"]
[BlackElo "1707"]
[PlyCount "55"]
[EventDate "2012.10.14"]
[EventType "swiss"]
[EventRounds "9"]
[EventCountry "ESP"]
[SourceTitle "EXT 2024"]
[Source "ChessBase"]
[SourceDate "2023.10.10"]
[SourceVersion "1"]
[SourceVersionDate "2023.10.10"]
[SourceQuality "1"]

1. e4 c6 2. d4 d5 3. Nc3 dxe4 4. Nxe4 Nf6 5. Ng5 h6 6. N5f3 Bf5 7. Ne5 Nbd7 8. Ngf3 Nxe5 9. Nxe5 e6 10. c3 Be7 11. Bd3 Bxd3 12. Qxd3 Qd5 13. Qg3 g5 14. h4 Qe4+ 15. Be3 Nh5 16. Qf3 Qxf3 17. Nxf3 f6 18. hxg5 fxg5 19. Rxh5 0-0-0 20. 0-0-0 Bf6 21. Rdh1 Bg7 22. Ne5 Rd5 23. Nf7 Rf8 24. Nxh6 e5 25. Rxg5 exd4 26. Rxd5 dxe3 27. Rf5 Bxh6 28. Rxf8+ 1-0